| 000 | 00503nam a2200205Ia 4500 | ||
|---|---|---|---|
| 003 | 0100 | ||
| 008 | 130303s9999 xx 000 0 und d | ||
| 020 | _a0679450882 | ||
| 040 | _cARRUPELIB | ||
| 050 | _aDF553.N68 1997 | ||
| 100 | _aNorwich, John Julius | ||
| 245 | 2 | _aA short history of Byzantium | |
| 260 | _aNew York | ||
| 260 | _bAlfred A. Knopf | ||
| 260 | _C1997 | ||
| 300 | _axl | ||
| 300 | _b 430p. 25cm. | ||
| 650 | _bSelf-esteem--Religious aspects--Christianity | ||
| 942 |
_2lcc _04 |
||
| 999 |
_c66621 _d66621 |
||